BRS Pharmacology (Record no. 5735)

MARC details
000 -LEADER
fixed length control field 00583nam a22002177a 4500
003 - CONTROL NUMBER IDENTIFIER
control field OSt
005 - DATE AND TIME OF LATEST TRANSACTION
control field 20171124151013.0
008 - FIXED-LENGTH DATA ELEMENTS--GENERAL INFORMATION
fixed length control field 170323b xxu||||| |||| 00| 0 eng d
020 ## - INTERNATIONAL STANDARD BOOK NUMBER
International Standard Book Number 9781451175356
040 ## - CATALOGING SOURCE
Transcribing agency DMLN
082 ## - DEWEY DECIMAL CLASSIFICATION NUMBER
Classification number QV18 R312b 2014
100 ## - MAIN ENTRY--PERSONAL NAME
Personal name Rosenfeld, Gary C.; Loose, David S.
9 (RLIN) 11940
245 ## - TITLE STATEMENT
Title BRS Pharmacology
250 ## - EDITION STATEMENT
Edition statement 6th ed.
260 ## - PUBLICATION, DISTRIBUTION, ETC. (IMPRINT)
Place of publication, distribution, etc. Philadelphia; Wolters Kluwer, 2014
300 ## - PHYSICAL DESCRIPTION
Extent x,376p; col.ill: 25cm
440 ## - SERIES STATEMENT/ADDED ENTRY--TITLE
Title BRS Board review series
9 (RLIN) 11941
504 ## - BIBLIOGRAPHY, ETC. NOTE
Bibliography, etc Index included
650 ## - SUBJECT ADDED ENTRY--TOPICAL TERM
Topical term or geographic name as entry element MCQs Pharmacology
9 (RLIN) 11286
942 ## - ADDED ENTRY ELEMENTS (KOHA)
Source of classification or shelving scheme Other/Generic Classification Scheme
Koha item type Short Loan
Holdings
Withdrawn status Lost status Source of classification or shelving scheme Damaged status Not for loan Home library Current library Date acquired Source of acquisition Inventory number Total Checkouts Full call number Barcode Date last seen Koha item type Price effective from
    Other/Generic Classification Scheme     MUST Main Library MUST Main Library 11/01/2018   2017/40446   QV18 R312b 2014 2018-0005 11/01/2018 Short Loan 11/01/2018
    Other/Generic Classification Scheme     Pharmacy Department Library Pharmacy Department Library 23/03/2017   14/37426   QV18 R312b 2014 2017-0525 23/03/2017 Short Loan  
    Other/Generic Classification Scheme     Pharmacy Department Library Pharmacy Department Library 23/03/2017   14/37427   QV18 R312b 2014 2017-0526 23/03/2017 Short Loan